000 00641nam a2200241 a 4500
005 20210219153334.0
008 991125n 000 0 u
035 _aUPN01000092212
100 _aLoren, Winters
222 _aPHYSICS TEACHER
245 _aA photogate flash trigger and a demostration of inertia
300 _a411-413
362 _a30, No. 7, 1992
505 _aJulio 1993
653 0 _aACTIVIDADES CIENTIFICAS
653 0 _aCIRCUITOS ELECTRICOS
653 0 _aDEMOSTRACION EDUCACIONAL
653 0 _aEQUIPO ELECTRONICO
653 0 _aFISICA
653 0 _aFOTOGRAFIA
904 _aAC
_b030023
905 _aArticulo
999 _c74332
_d74332